000 006990000a22002410004500
003 LK-CoMWRAF
005 20231130144400.0
008 230817t1990 ||||| |||| 00| 0 eng d
020 _a0803935765
040 _aLK-CoMWRAF
_dLK-CoMWRAF
_eLK-CoMWRAF
041 _aeng
082 _a364.15
_bBUZ
100 _aBuzawa, Eva S.
245 _aDomestic violence:
_bthe criminal justice response
260 _aNew Delhi:
_bSage,
_c1990
300 _a157 p. ; 26 cm.
_bBibliography and index included
490 _aStudies in crime, law and justice
_v6
650 _aDOMESTIC VIOLENCE
650 _aWife abuse-United States
650 _aCriminal justice
700 _a Buzawa, Carl G.
942 _cBK
999 _c1936
_d1936